[Event "St Eufemia d'Aspromonte op-B 4th"]
[Site "St Eufemia d'Aspromonte"]
[Date "2011.01.03"]
[Round "2"]
[White "Palermiti, Francesco"]
[Black "Scalise, Sandro"]
[Result "0-1"]
[WhiteElo "1531"]
[BlackElo "1737"]
[PlyCount "98"]
[EventDate "2011.01.02"]
[EventType "swiss"]
[EventRounds "8"]
[EventCountry "ITA"]
[SourceTitle "EXT 2013"]
[Source "ChessBase"]
[SourceDate "2012.11.22"]
[SourceVersion "1"]
[SourceVersionDate "2012.11.22"]
[SourceQuality "1"]

1. d4 f5 2. Nf3 Nf6 3. Nbd2 g6 4. e3 d6 5. b3 Bg7 6. Bb2 0-0 7. Bc4+ d5 8. Bd3 Nbd7 9. 0-0 Ne4 10. c4 e6 11. cxd5 exd5 12. Rc1 c6 13. Ne5 Qe7 14. f4 Nxe5 15. dxe5 Be6 16. Nxe4 dxe4 17. Bc4 Rfd8 18. Bxe6+ Qxe6 19. Qe2 Rd3 20. Kh1 Rad8 21. Rfd1 Qd5 22. Rxd3 exd3 23. Qd2 b6 24. Ba3 Bf8 25. Bb2 a5 26. Bc3 Ba3 27. Rd1 Kf7 28. e6+ Qxe6 29. Be5 Bb4 30. Qc1 Bc5 31. Qc3 Bb4 32. Qc1 Qd5 33. Qc4 Qxc4 34. bxc4 b5 35. cxb5 cxb5 36. Kg1 Ke6 37. Kf2 d2 38. Ke2 Kd5 39. Bd4 Kc4 40. a3 Bc3 41. Bxc3 Kxc3 42. h3 b4 43. axb4 axb4 44. g4 b3 45. gxf5 gxf5 46. e4 Kc2 47. e5 Rd4 48. Ke3 Re4+ 49. Kf3 Kxd1 0-1

[Event "Amantea op-B 8th"]
[Site "Amantea"]
[Date "2010.08.29"]
[Round "1"]
[White "Scalise, Sandro"]
[Black "Cicero, Angelo"]
[Result "1/2-1/2"]
[WhiteElo "1758"]
[BlackElo "1422"]
[PlyCount "44"]
[EventDate "2010.08.29"]
[EventType "swiss"]
[EventRounds "9"]
[EventCountry "ITA"]
[SourceTitle "CBM 138 Extra"]
[Source "ChessBase"]
[SourceDate "2010.10.29"]
[SourceVersion "1"]
[SourceVersionDate "2010.10.29"]
[SourceQuality "1"]

1. d4 d5 2. Nc3 Nf6 3. Bg5 h6 4. Bxf6 exf6 5. e3 a6 6. Bd3 Bb4 7. Nf3 Nc6 8. 0-0 Bxc3 9. bxc3 Bg4 10. Rb1 Rb8 11. e4 0-0 12. h3 Bh5 13. g4 Bg6 14. exd5 Bxd3 15. Qxd3 Qxd5 16. c4 Qd7 17. c3 Rfe8 18. Rfe1 Rxe1+ 19. Rxe1 h5 20. Qe4 hxg4 21. hxg4 Na5 22. Nd2 Qc6 1/2-1/2

[Event "St Eufemia d'Aspromonte op 3rd"]
[Site "St Eufemia d'Aspromonte"]
[Date "2010.01.04"]
[Round "3"]
[White "Serratore, Vincenzo"]
[Black "Scalise, Sandro"]
[Result "1-0"]
[WhiteElo "1891"]
[BlackElo "1826"]
[PlyCount "53"]
[EventDate "2010.01.02"]
[EventType "swiss"]
[EventRounds "7"]
[EventCountry "ITA"]
[SourceTitle "CBM 134 Extra"]
[Source "ChessBase"]
[SourceDate "2010.03.03"]
[SourceVersion "1"]
[SourceVersionDate "2010.03.03"]
[SourceQuality "1"]

1. d4 Nf6 2. Nf3 e6 3. Nbd2 c5 4. e3 Nc6 5. c3 d5 6. Bd3 Bd6 7. Qe2 Qc7 8. h3 0-0 9. 0-0 e5 10. dxe5 Nxe5 11. Nxe5 Bxe5 12. Nf3 Ne4 13. Qc2 f5 14. c4 Be6 15. Nxe5 Qxe5 16. Rb1 Rfd8 17. b3 d4 18. Bb2 Rac8 19. Rbe1 b5 20. exd4 cxd4 21. f3 bxc4 22. bxc4 Qg3 23. fxe4 fxe4 24. Rxe4 Bxh3 25. Rf3 Bxg2 26. Rxg3 Bxe4 27. Bxe4 1-0

[Event "St Eufemia d'Aspromonte op 3rd"]
[Site "St Eufemia d'Aspromonte"]
[Date "2010.01.02"]
[Round "1"]
[White "Santagati, Alessandro"]
[Black "Scalise, Sandro"]
[Result "1/2-1/2"]
[WhiteElo "2167"]
[BlackElo "1826"]
[PlyCount "47"]
[EventDate "2010.01.02"]
[EventType "swiss"]
[EventRounds "7"]
[EventCountry "ITA"]
[SourceTitle "CBM 134 Extra"]
[Source "ChessBase"]
[SourceDate "2010.03.03"]
[SourceVersion "1"]
[SourceVersionDate "2010.03.03"]
[SourceQuality "1"]

1. d4 Nf6 2. Bg5 c6 3. Nd2 d5 4. Ngf3 Ne4 5. h4 Bf5 6. e3 Nd7 7. Nxe4 Bxe4 8. Nd2 Qa5 9. c3 e5 10. Nb3 Qc7 11. dxe5 Nxe5 12. Bf4 Bd6 13. Bxe5 Bxe5 14. Nc5 0-0-0 15. Qa4 Qb6 16. Nb3 f5 17. Qa5 Qxa5 18. Nxa5 f4 19. f3 Bf5 20. exf4 Bxf4 21. Kf2 Rhe8 22. g3 Be3+ 23. Kg2 d4 24. g4 1/2-1/2

[Event "Amantea op-B 7th"]
[Site "Amantea"]
[Date "2009.09.07"]
[Round "8"]
[White "Zampaglione, Davide"]
[Black "Scalise, Sandro"]
[Result "1/2-1/2"]
[WhiteElo "1620"]
[BlackElo "1631"]
[PlyCount "124"]
[EventDate "2009.08.31"]
[EventType "swiss"]
[EventRounds "8"]
[EventCountry "ITA"]
[SourceTitle "CBM 132 Extra"]
[Source "ChessBase"]
[SourceDate "2009.11.03"]
[SourceVersion "1"]
[SourceVersionDate "2009.11.03"]
[SourceQuality "1"]

1. d4 Nf6 2. Nf3 e6 3. e3 b6 4. Bd3 Bb7 5. Nbd2 d5 6. 0-0 Nbd7 7. Qe2 c5 8. c3 Be7 9. b3 Qc7 10. Bb2 0-0 11. Rac1 Rac8 12. c4 Rfd8 13. e4 Nxe4 14. Nxe4 dxe4 15. Bxe4 Bxe4 16. Qxe4 cxd4 17. Bxd4 Bf6 18. Bxf6 Nxf6 19. Qc2 Qf4 20. Qb2 h5 21. Rfd1 Nd7 22. Qd4 Qxd4 23. Rxd4 Nc5 24. Rcd1 Rxd4 25. Rxd4 f6 26. h4 Kf7 27. g3 Ke7 28. Kf1 Rd8 29. Rxd8 Kxd8 30. Nd4 Kd7 31. Nb5 a6 32. Nc3 Kd6 33. Ke2 Ke5 34. Ke3 g5 35. f3 gxh4 36. gxh4 f5 37. f4+ Kd6 38. Kd4 Nd7 39. Ne2 Nf8 40. Ng3 Ng6 41. Nxh5 Nxh4 42. Ng7 Ke7 43. c5 bxc5+ 44. Kxc5 Ng6 45. Nh5 e5 46. fxe5 Nxe5 47. Kb6 Nd7+ 48. Kxa6 Nf6 49. Nf4 Kd6 50. b4 Nd5 51. Nd3 f4 52. Nxf4 Nxf4 53. b5 Nd5 54. b6 Nb4+ 55. Ka7 Nc6+ 56. Ka8 Nd8 57. Kb8 Kc6 58. Ka7 Kb5 59. a3 Ka5 60. a4 Kxa4 61. Kb8 Kb5 62. Kc7 Ka6 1/2-1/2

[Event "Amantea op-B 7th"]
[Site "Amantea"]
[Date "2009.09.06"]
[Round "7"]
[White "Scalise, Sandro"]
[Black "Rizzuti, Pasquale"]
[Result "1-0"]
[WhiteElo "1631"]
[BlackElo "1826"]
[PlyCount "107"]
[EventDate "2009.08.31"]
[EventType "swiss"]
[EventRounds "8"]
[EventCountry "ITA"]
[SourceTitle "CBM 132 Extra"]
[Source "ChessBase"]
[SourceDate "2009.11.03"]
[SourceVersion "1"]
[SourceVersionDate "2009.11.03"]
[SourceQuality "1"]

1. d4 d5 2. Nc3 Bf5 3. f3 e6 4. e4 Bg6 5. Bd3 Nc6 6. Be3 Nb4 7. Nge2 Be7 8. a3 Nxd3+ 9. Qxd3 c6 10. 0-0-0 Nf6 11. Nf4 dxe4 12. fxe4 Ng4 13. Nxg6 fxg6 14. Kb1 Nxe3 15. Qxe3 0-0 16. d5 Bg5 17. Qc5 cxd5 18. exd5 exd5 19. Rxd5 Be7 20. Qe3 Qb6 21. Qxe7 Rae8 22. Qc5 Qe6 23. Rhd1 b6 24. Qc7 Re7 25. Rd7 Rfe8 26. Rxe7 Rxe7 27. Rd8+ Re8 28. Qd7 Qxd7 29. Rxd7 a5 30. Rd6 Rb8 31. Nb5 Kf7 32. Kc1 g5 33. Kd2 g6 34. Kd3 h5 35. Kd4 g4 36. Kd5 Rc8 37. c4 Rc5+ 38. Kd4 Rf5 39. Rxb6 Rf2 40. c5 Rxg2 41. c6 Rd2+ 42. Ke5 Rxh2 43. Nd6+ Kg7 44. Rb7+ Kh6 45. Nf7+ Kg7 46. c7 Rc2 47. c8Q Rxc8 48. Nd6+ Kh6 49. Nxc8 Kg5 50. Rf7 g3 51. Ne7 h4 52. Rg7 Kg4 53. Nxg6 h3 54. Nf4+ 1-0

[Event "Calabria Region-ch"]
[Site "Amantea"]
[Date "2009.06.02"]
[Round "6"]
[White "Scalise, Sandro"]
[Black "Vacchiano, Salvatore"]
[Result "1-0"]
[WhiteElo "1586"]
[BlackElo "1512"]
[PlyCount "65"]
[EventDate "2009.05.30"]
[EventType "swiss"]
[EventRounds "6"]
[EventCountry "ITA"]
[SourceTitle "EXT 2011"]
[Source "ChessBase"]
[SourceDate "2010.11.26"]
[SourceVersion "1"]
[SourceVersionDate "2010.11.26"]
[SourceQuality "1"]

1. d4 Nf6 2. Nc3 d6 3. e4 g6 4. Be3 Bg7 5. Be2 0-0 6. Nf3 c6 7. 0-0 b5 8. e5 dxe5 9. Nxe5 a6 10. Qd2 Re8 11. Bh6 Bh8 12. h4 Nd5 13. Ne4 Nf6 14. Ng5 Be6 15. h5 Nxh5 16. Nxe6 fxe6 17. Bxh5 Bxe5 18. Bxg6 hxg6 19. dxe5 Qxd2 20. Bxd2 Nd7 21. f4 Nb6 22. Be3 Nc4 23. Bd4 Rad8 24. Rad1 c5 25. Bxc5 Nxb2 26. Rxd8 Rxd8 27. Bxe7 Rd2 28. Rf2 Rd1+ 29. Kh2 Ra1 30. a3 Nc4 31. Rf3 Ra2 32. Rc3 Nxa3 33. Rxa3 1-0

[Event "Calabria Region-ch"]
[Site "Amantea"]
[Date "2009.05.30"]
[Round "1"]
[White "Scalise, Sandro"]
[Black "Cicero, Angelo"]
[Result "1-0"]
[WhiteElo "1586"]
[BlackElo "1428"]
[PlyCount "49"]
[EventDate "2009.05.30"]
[EventType "swiss"]
[EventRounds "6"]
[EventCountry "ITA"]
[SourceTitle "EXT 2011"]
[Source "ChessBase"]
[SourceDate "2010.11.26"]
[SourceVersion "1"]
[SourceVersionDate "2010.11.26"]
[SourceQuality "1"]

1. d4 d5 2. Nc3 Nf6 3. Bg5 Bf5 4. f3 Nc6 5. Bxf6 gxf6 6. e4 dxe4 7. fxe4 Bg6 8. d5 Ne5 9. Nf3 Nxf3+ 10. Qxf3 e6 11. 0-0-0 Bb4 12. Bb5+ c6 13. dxc6 0-0 14. Rxd8 Rfxd8 15. cxb7 Rab8 16. Qxf6 Bh5 17. Bd3 Bxc3 18. bxc3 Rxb7 19. Qxd8+ Kg7 20. Qg5+ Kf8 21. Qxh5 Rc7 22. Rf1 a5 23. Qh6+ Ke8 24. Bb5+ Kd8 25. Qf8# 1-0

[Event "Bagnara Calabra op-B"]
[Site "Bagnara Calabra"]
[Date "2009.01.05"]
[Round "5"]
[White "Scalise, Sandro"]
[Black "Arcidiaco, Francesco"]
[Result "0-1"]
[WhiteElo "1595"]
[BlackElo "1593"]
[PlyCount "28"]
[EventDate "2009.01.02"]
[EventType "swiss"]
[EventRounds "7"]
[EventCountry "ITA"]
[SourceTitle "CBM 128 Extra"]
[Source "ChessBase"]
[SourceDate "2009.03.05"]
[SourceVersion "2"]
[SourceVersionDate "2009.03.25"]
[SourceQuality "1"]

1. d4 d5 2. Nc3 Nf6 3. Bg5 Nbd7 4. f3 c6 5. Qd3 Qa5 6. Bxf6 Nxf6 7. e4 e6 8. e5 Nd7 9. Nge2 a6 10. g3 b5 11. Nc1 Qb6 12. Nb3 a5 13. a4 b4 14. Ne2 Ba6 0-1

[Event "Bagnara Calabra op-B"]
[Site "Bagnara Calabra"]
[Date "2009.01.04"]
[Round "3"]
[White "Scalise, Sandro"]
[Black "Fariselli, Umberto"]
[Result "1-0"]
[WhiteElo "1595"]
[BlackElo "1518"]
[PlyCount "41"]
[EventDate "2009.01.02"]
[EventType "swiss"]
[EventRounds "7"]
[EventCountry "ITA"]
[SourceTitle "CBM 128 Extra"]
[Source "ChessBase"]
[SourceDate "2009.03.05"]
[SourceVersion "2"]
[SourceVersionDate "2009.03.25"]
[SourceQuality "1"]

1. d4 e6 2. e4 Nf6 3. Bg5 Be7 4. Bxf6 Bxf6 5. e5 Be7 6. Qg4 0-0 7. Nf3 c5 8. Nc3 a6 9. Bd3 g6 10. h4 h5 11. Qg3 Kh7 12. 0-0-0 Nc6 13. dxc5 Rg8 14. Ne4 Qa5 15. a3 Qd8 16. Nd6 Rf8 17. Nxf7 Rg8 18. Nxd8 Nxd8 19. Ng5+ Kg7 20. Qe3 Nc6 21. Qe4 1-0

[Event "KR Province-ch"]
[Site "Cutro"]
[Date "2008.12.07"]
[Round "4"]
[White "Scalise, Sandro"]
[Black "Scerra, Ezio"]
[Result "1-0"]
[WhiteElo "1583"]
[BlackElo "1368"]
[PlyCount "77"]
[EventDate "2008.12.05"]
[EventType "swiss"]
[EventRounds "5"]
[EventCountry "ITA"]
[SourceTitle "EXT 2011"]
[Source "ChessBase"]
[SourceDate "2010.11.26"]
[SourceVersion "1"]
[SourceVersionDate "2010.11.26"]
[SourceQuality "1"]

1. d4 Nf6 2. Bg5 d6 3. Bxf6 gxf6 4. e4 Bg7 5. Nc3 0-0 6. Qd2 f5 7. 0-0-0 e5 8. dxe5 Bxe5 9. f4 Bg7 10. e5 Bh6 11. g3 Nc6 12. exd6 Be6 13. Nf3 cxd6 14. Qxd6 Qa5 15. Nd4 Nxd4 16. Rxd4 Bg7 17. Ra4 Qd8 18. Qa3 a6 19. Bg2 Re8 20. Rd1 Bf8 21. Rxd8 Bxa3 22. Rxe8+ Rxe8 23. Rxa3 Bc8 24. Kd2 b6 25. Nd5 Rd8 26. Rd3 Kg7 27. Nxb6 Rxd3+ 28. Kxd3 Be6 29. Bd5 Kg6 30. Bxe6 fxe6 31. Kd4 Kh5 32. h3 h6 33. Ke5 Kg6 34. Nd7 Kf7 35. Kd6 h5 36. h4 Kg7 37. Ke7 Kh8 38. Kf7 Kh7 39. c4 1-0

[Event "Amantea op-B 6th"]
[Site "Amantea"]
[Date "2008.09.05"]
[Round "6"]
[White "Scalise, Sandro"]
[Black "Scerra, Ezio"]
[Result "1-0"]
[WhiteElo "1571"]
[BlackElo "1359"]
[PlyCount "97"]
[EventDate "2008.08.31"]
[EventType "swiss"]
[EventRounds "9"]
[EventCountry "ITA"]
[SourceTitle "CBM 126 Extra"]
[Source "ChessBase"]
[SourceDate "2008.11.05"]
[SourceVersion "1"]
[SourceVersionDate "2008.11.05"]
[SourceQuality "1"]

1. d4 Nf6 2. c4 c5 3. d5 b5 4. cxb5 a6 5. Nc3 d6 6. e4 g6 7. Nf3 Bg7 8. Be2 Nfd7 9. Bd2 Nb6 10. 0-0 0-0 11. Re1 Bb7 12. Qc1 axb5 13. Nxb5 Ba6 14. Bh6 f6 15. Bxg7 Kxg7 16. h4 Qd7 17. Nc3 h5 18. Bd1 e6 19. dxe6 Qxe6 20. Nd5 Nxd5 21. exd5 Qxd5 22. Qe3 Nc6 23. Bb3 c4 24. Ba4 Rae8 25. Rad1 Rxe3 26. Rxd5 Nb4 27. Rxd6 Rxe1+ 28. Nxe1 Bb7 29. Rd7+ Rf7 30. Rxf7+ Kxf7 31. a3 Bc6 32. Bxc6 Nxc6 33. Kf1 Ke6 34. Ke2 g5 35. hxg5 fxg5 36. Nf3 g4 37. Nd2 Na5 38. Ke3 Ke5 39. f4+ Kf5 40. Ne4 Nb3 41. Nd6+ Kg6 42. Nxc4 h4 43. Ne5+ Kf5 44. Nc6 Nc5 45. Nd4+ Kg6 46. b4 Na4 47. b5 Kf6 48. Ke4 Nc5+ 49. Ke3 1-0

[Event "Bagnara Calabra op-B"]
[Site "Bagnara Calabra"]
[Date "2008.01.05"]
[Round "6"]
[White "Musico, Guglielmo"]
[Black "Scalise, Sandro"]
[Result "1-0"]
[WhiteElo "1548"]
[BlackElo "1607"]
[PlyCount "101"]
[EventDate "2008.01.02"]
[EventType "swiss"]
[EventRounds "7"]
[EventCountry "ITA"]
[SourceTitle "EXT 2009"]
[Source "ChessBase"]
[SourceDate "2008.11.26"]
[SourceVersion "1"]
[SourceVersionDate "2008.11.26"]
[SourceQuality "1"]

1. d4 Nf6 2. c4 e6 3. Nc3 Bb4 4. Nf3 b6 5. g3 Bb7 6. Bg2 d6 7. Bd2 0-0 8. 0-0 Nbd7 9. Re1 Bxc3 10. Bxc3 Ne4 11. Qc2 Nxc3 12. Qxc3 Nf6 13. Nd2 Bxg2 14. Kxg2 c5 15. Rad1 Rc8 16. f3 d5 17. e3 cxd4 18. Qxd4 dxc4 19. Nxc4 Qxd4 20. Rxd4 b5 21. Na3 a6 22. Red1 e5 23. R4d2 g6 24. e4 Rc6 25. Nc2 Rfc8 26. Ne3 Kg7 27. a3 h5 28. h4 Kh6 29. Kf2 Kg7 30. Ke2 b4 31. Rd6 bxa3 32. bxa3 Ne8 33. R6d5 f6 34. Rd8 Rxd8 35. Rxd8 Nd6 36. Rd7+ Kf8 37. Nd5 f5 38. Nb4 Rb6 39. Ra7 fxe4 40. Rxa6 Rxa6 41. Nxa6 Nc4 42. a4 exf3+ 43. Kxf3 Ke7 44. Ke4 Kd6 45. Nb4 Nb6 46. a5 Na8 47. Nd3 Nc7 48. Nxe5 Kc5 49. Nxg6 Kb5 50. Nf4 Kxa5 51. Nxh5 1-0

[Event "CS Province-ch"]
[Site "Amantea"]
[Date "2007.01.07"]
[Round "4"]
[White "Scalise, Sandro"]
[Black "Scerbo, Antonio"]
[Result "0-1"]
[WhiteElo "1622"]
[BlackElo "2117"]
[PlyCount "94"]
[EventDate "2007.01.05"]
[EventType "swiss"]
[EventRounds "5"]
[EventCountry "ITA"]
[SourceTitle "EXT 2010"]
[Source "ChessBase"]
[SourceDate "2010.11.25"]
[SourceVersion "1"]
[SourceVersionDate "2010.11.25"]
[SourceQuality "1"]

1. d4 Nf6 2. Nf3 g6 3. Bf4 d6 4. e3 Bg7 5. c3 0-0 6. h3 c5 7. Nbd2 Nc6 8. Bb5 Qb6 9. a4 cxd4 10. Bxc6 dxe3 11. Bxe3 Qxc6 12. 0-0 Nd5 13. Nd4 Bxd4 14. Bxd4 e5 15. Be3 Nxe3 16. fxe3 Be6 17. b3 Qxc3 18. Rf3 Rac8 19. e4 Qd4+ 20. Kh2 Rc7 21. Nc4 Qxd1 22. Rxd1 Bxc4 23. bxc4 Rxc4 24. Rxd6 Rxe4 25. Rd7 f5 26. Rxb7 Rf7 27. Rb8+ Kg7 28. a5 Ra4 29. Rb5 e4 30. Rc3 Re7 31. Kg3 e3 32. Rc1 e2 33. Re1 Kf6 34. Rb2 Rxa5 35. Rbxe2 Rxe2 36. Rxe2 g5 37. Kf3 Ra3+ 38. Kf2 h5 39. Re8 h4 40. Rf8+ Ke5 41. Rc8 Ra4 42. Rc3 Kf4 43. Rf3+ Ke5 44. Re3+ Kf6 45. g3 Ra2+ 46. Kf3 hxg3 47. Kxg3 f4+ 0-1

[Event "CS Province-ch"]
[Site "Amantea"]
[Date "2007.01.06"]
[Round "3"]
[White "Vacchiano, Salvatore"]
[Black "Scalise, Sandro"]
[Result "0-1"]
[WhiteElo "1482"]
[BlackElo "1622"]
[PlyCount "80"]
[EventDate "2007.01.05"]
[EventType "swiss"]
[EventRounds "5"]
[EventCountry "ITA"]
[SourceTitle "EXT 2010"]
[Source "ChessBase"]
[SourceDate "2010.11.25"]
[SourceVersion "1"]
[SourceVersionDate "2010.11.25"]
[SourceQuality "1"]

1. d4 Nf6 2. c4 c5 3. d5 b5 4. cxb5 a6 5. Nc3 axb5 6. Nxb5 Qa5+ 7. Nc3 Ba6 8. Bd2 Qc7 9. g3 g6 10. Bg2 d6 11. e4 Bg7 12. Nge2 0-0 13. 0-0 Nbd7 14. Rc1 Rfb8 15. b3 Ne5 16. f4 Nd3 17. Rc2 c4 18. e5 Qc5+ 19. Kh1 Nf2+ 20. Rxf2 Qxf2 21. exf6 cxb3 22. axb3 Bxf6 23. Be1 Qe3 24. Bd2 Qb6 25. Ne4 Bg7 26. b4 Bd3 27. Rc6 Qb7 28. Nf2 Bb5 29. Rc1 Ra2 30. Nc3 Bxc3 31. Rxc3 Ba4 32. Qc1 Qb6 33. Rc8+ Rxc8 34. Qxc8+ Kg7 35. Qc3+ f6 36. Be3 Qb5 37. Qe1 Re2 38. Qc1 Qxb4 39. Nd3 Qb3 40. Qc7 Rxe3 0-1

[Event "Crotone Province-ch 07"]
[Site "Cutro"]
[Date "2006.12.10"]
[Round "7"]
[White "Scalise, Sandro"]
[Black "Piccoli, Vincenzo"]
[Result "1/2-1/2"]
[WhiteElo "1625"]
[BlackElo "1700"]
[PlyCount "51"]
[EventDate "2006.12.07"]
[EventType "swiss"]
[EventRounds "7"]
[EventCountry "ITA"]
[SourceTitle "EXT 2024"]
[Source "ChessBase"]
[SourceDate "2023.10.10"]
[SourceVersion "1"]
[SourceVersionDate "2023.10.10"]
[SourceQuality "1"]

1. d4 Nf6 2. Nf3 b6 3. Bf4 Ba6 4. g3 e6 5. Bg2 Bb7 6. 0-0 Be7 7. Re1 0-0 8. a3 d6 9. c4 Nbd7 10. Nc3 Ne4 11. Qc2 Nxc3 12. Qxc3 f5 13. Rad1 Bf6 14. Ng5 Bxg5 15. Bxb7 Rb8 16. Bxg5 Qxg5 17. f4 Qg6 18. Bc6 Nf6 19. Qf3 Ne4 20. Rd3 Rbd8 21. Rc1 d5 22. cxd5 exd5 23. b4 Rf6 24. Ba4 Rc8 25. Bd7 Rd8 26. Ba4 1/2-1/2

[Event "Catanzaro Province-ch"]
[Site "Catanzaro"]
[Date "2006.05.21"]
[Round "5"]
[White "Scalise, Sandro"]
[Black "Paragliola, Gennaro"]
[Result "1-0"]
[WhiteElo "1628"]
[BlackElo "1529"]
[PlyCount "85"]
[EventDate "2006.05.19"]
[EventType "swiss"]
[EventRounds "5"]
[EventCountry "ITA"]
[SourceTitle "EXT 2024"]
[Source "ChessBase"]
[SourceDate "2023.10.10"]
[SourceVersion "1"]
[SourceVersionDate "2023.10.10"]
[SourceQuality "1"]

1. d4 Nf6 2. Nf3 b6 3. Bf4 Bb7 4. e3 e6 5. h3 Nc6 6. c3 Ne4 7. Nbd2 Ne7 8. Bd3 f5 9. Qe2 Ng6 10. Ne5 Nxf4 11. exf4 Nf6 12. Rg1 Be7 13. 0-0-0 c5 14. Nb3 cxd4 15. Nxd4 0-0 16. Bc4 Bd5 17. Nxe6 dxe6 18. Nc6 Qd6 19. Bxd5 Nxd5 20. Nxe7+ Qxe7 21. Rxd5 Kf7 22. Re1 Rfe8 23. Re5 g6 24. g4 fxg4 25. hxg4 Qf6 26. Qe4 Rad8 27. f5 Rd6 28. f4 g5 29. fxe6+ Rdxe6 30. Qxh7+ Kf8 31. Rxe6 Rxe6 32. Rxe6 Qxe6 33. Qh8+ Kf7 34. Qh5+ Kf8 35. Qh8+ Kf7 36. Qd4 Qe1+ 37. Kc2 Qe2+ 38. Kb3 Qxg4 39. Qd5+ Kf6 40. Qxg5+ Qxg5 41. fxg5+ Kxg5 42. Kc4 Kf6 43. Kb5 1-0